[Event "NED-ch U14 Girls"]
[Site "Almelo"]
[Date "2022.05.06"]
[Round "6"]
[White "Fu, Janice"]
[Black "Westerhof, Fleur"]
[Result "1-0"]
[WhiteElo "1344"]
[BlackElo "1509"]
[PlyCount "91"]
[EventDate "2022.05.01"]
[EventType "swiss"]
[EventRounds "9"]
[EventCountry "NED"]
[SourceTitle "EXT 2023"]
[Source "ChessBase"]
[SourceDate "2022.10.05"]
[SourceVersion "1"]
[SourceVersionDate "2022.10.05"]
[SourceQuality "1"]

1. e4 e5 2. Nf3 Nc6 3. Bc4 Bc5 4. c3 Nf6 5. d4 exd4 6. e5 d5 7. Bb5 Ne4 8. cxd4 Bb6 9. h3 0-0 10. 0-0 f6 11. Nc3 fxe5 12. Bxc6 bxc6 13. Nxe5 Qf6 14. Nxe4 dxe4 15. Qc2 Kh8 16. Qxe4 Bf5 17. Qxc6 Bxd4 18. Qxf6 Rxf6 19. Nf3 Bb6 20. Bf4 Bxh3 21. Bg3 Rg6 22. Kh1 Bf5 23. Rac1 Rc8 24. Ne5 Re6 25. Rfd1 Kg8 26. Nd7 Ree8 27. b4 Red8 28. Nxb6 cxb6 29. Rxd8+ Rxd8 30. Rc7 Ra8 31. Be5 a5 32. Rxg7+ Kf8 33. Rb7 Ra6 34. b5 Ra8 35. Rxb6 Ke7 36. f3 Kd7 37. Rd6+ Ke7 38. b6 Rb8 39. Rf6 Bc8 40. Rh6 Rb7 41. f4 Bf5 42. a4 Bg6 43. Bc7 Ke6 44. Rh3 Kf5 45. Re3 Kf6 46. Re5 1-0